<?xml version="1.0" encoding="UTF-8"?>
<record
    xmlns:xsi="http://www.w3.org/2001/XMLSchema-instance"
    xsi:schemaLocation="http://www.loc.gov/MARC21/slim http://www.loc.gov/standards/marcxml/schema/MARC21slim.xsd"
    xmlns="http://www.loc.gov/MARC21/slim">

  <leader>02868njm a2200469Ia 4500</leader>
  <controlfield tag="001">24635</controlfield>
  <controlfield tag="003">IT-RoPAU</controlfield>
  <controlfield tag="005">20220918181122.0</controlfield>
  <controlfield tag="008">131025s9999    xx            000 0 und d</controlfield>
  <datafield tag="040" ind1=" " ind2=" ">
    <subfield code="a">IT-RoPAU</subfield>
  </datafield>
  <datafield tag="040" ind1=" " ind2=" ">
    <subfield code="c">IT-RoPAU</subfield>
  </datafield>
  <datafield tag="041" ind1=" " ind2=" ">
    <subfield code="a">ITALIANO</subfield>
  </datafield>
  <datafield tag="999" ind1=" " ind2=" ">
    <subfield code="c">99896</subfield>
    <subfield code="d">99896</subfield>
  </datafield>
  <datafield tag="999" ind1=" " ind2=" ">
    <subfield code="b">n.d.</subfield>
  </datafield>
  <datafield tag="100" ind1=" " ind2=" ">
    <subfield code="a">AA.VV.</subfield>
    <subfield code="9">794</subfield>
  </datafield>
  <datafield tag="100" ind1=" " ind2=" ">
    <subfield code="e">Autore musica</subfield>
    <subfield code="9">11123</subfield>
  </datafield>
  <datafield tag="100" ind1=" " ind2=" ">
    <subfield code="g">Codice autore musica SPICS: 12000</subfield>
    <subfield code="9">796</subfield>
  </datafield>
  <datafield tag="245" ind1=" " ind2=" ">
    <subfield code="a">Canzoni d'altri tempi-Prima raccolta</subfield>
  </datafield>
  <datafield tag="250" ind1=" " ind2=" ">
    <subfield code="a">1a ed.</subfield>
  </datafield>
  <datafield tag="260" ind1=" " ind2=" ">
    <subfield code="a">MILANO</subfield>
  </datafield>
  <datafield tag="260" ind1=" " ind2=" ">
    <subfield code="b">DURIUM RECORD</subfield>
    <subfield code="c">1973 [1a Ed.:1973]</subfield>
  </datafield>
  <datafield tag="300" ind1=" " ind2=" ">
    <subfield code="a">DISCO</subfield>
  </datafield>
  <datafield tag="500" ind1=" " ind2=" ">
    <subfield code="a">Canzoni italiane d'altri tempi Interpretate da Aurelio Fierro</subfield>
  </datafield>
  <datafield tag="505" ind1=" " ind2=" ">
    <subfield code="a">Come pioveva - Le rose rosse - Come una coppa di champagne - Fili d'oro - Come le rose - Reginella - Signorinella - Cara piccina - Amor di pastorello - Addio signora - Pallida mimosa - Lucciole vagabonde</subfield>
  </datafield>
  <datafield tag="650" ind1=" " ind2=" ">
    <subfield code="a">CANZONE ITALIAN [DISCHI]</subfield>
    <subfield code="e">Codice MATERIA SPICS: 9950</subfield>
    <subfield code="9">11124</subfield>
  </datafield>
  <datafield tag="700" ind1=" " ind2=" ">
    <subfield code="a">Fierro Aurelio</subfield>
    <subfield code="g">Codice interprete SPICS: 9653</subfield>
    <subfield code="e">Interprete</subfield>
    <subfield code="9">11125</subfield>
  </datafield>
  <datafield tag="700" ind1=" " ind2=" ">
    <subfield code="a">Gill Armando (=Testa Michele)</subfield>
    <subfield code="g">Codice autore testo/musica SPICS: 13460</subfield>
    <subfield code="e">Autore testo/musica</subfield>
    <subfield code="p">Come pioveva</subfield>
    <subfield code="9">11126</subfield>
  </datafield>
  <datafield tag="700" ind1=" " ind2=" ">
    <subfield code="a">Mario E.A. (Gaeta Giovanni)</subfield>
    <subfield code="g">Codice autore  testo/musica SPICS: 13440</subfield>
    <subfield code="e">Autore  testo/musica</subfield>
    <subfield code="p">Le rose rosse</subfield>
    <subfield code="9">11127</subfield>
  </datafield>
  <datafield tag="700" ind1=" " ind2=" ">
    <subfield code="a">Rampoldi Battista Giuseppe</subfield>
    <subfield code="g">Codice autore musica SPICS: 13438</subfield>
    <subfield code="e">Autore musica</subfield>
    <subfield code="p">Come una coppa di champagne</subfield>
    <subfield code="9">11128</subfield>
  </datafield>
  <datafield tag="700" ind1=" " ind2=" ">
    <subfield code="a">Borella Angelo Ramiro</subfield>
    <subfield code="g">Codice autore testo/musica SPICS: 13439</subfield>
    <subfield code="e">Autore testo/musica</subfield>
    <subfield code="p">Come una coppa di champagne</subfield>
    <subfield code="9">11129</subfield>
  </datafield>
  <datafield tag="700" ind1=" " ind2=" ">
    <subfield code="a">Buongiovanni Francesco</subfield>
    <subfield code="g">Codice autore musica SPICS: 13465</subfield>
    <subfield code="e">Autore musica</subfield>
    <subfield code="p">Fili d'oro</subfield>
    <subfield code="9">11130</subfield>
  </datafield>
  <datafield tag="700" ind1=" " ind2=" ">
    <subfield code="a">Capurro Giovanni</subfield>
    <subfield code="g">Codice autore testo/musica SPICS: 13137</subfield>
    <subfield code="e">Autore testo/musica</subfield>
    <subfield code="p">Fili d'oro</subfield>
    <subfield code="9">11131</subfield>
  </datafield>
  <datafield tag="700" ind1=" " ind2=" ">
    <subfield code="a">Lama Gaetano</subfield>
    <subfield code="g">Codice autore musica SPICS: 13468</subfield>
    <subfield code="e">Autore musica</subfield>
    <subfield code="p">Come le  - Reginella - Cara piccina - Pallida mimosa</subfield>
    <subfield code="9">11132</subfield>
  </datafield>
  <datafield tag="700" ind1=" " ind2=" ">
    <subfield code="a">Genise A.</subfield>
    <subfield code="g">Codice autore testo/musica SPICS: 13469</subfield>
    <subfield code="e">Autore testo/musica</subfield>
    <subfield code="p">Come le rose</subfield>
    <subfield code="9">11133</subfield>
  </datafield>
  <datafield tag="700" ind1=" " ind2=" ">
    <subfield code="a">Bovio Libero</subfield>
    <subfield code="g">Codice autore testo/musica SPICS: 13462</subfield>
    <subfield code="e">Autore testo/musica</subfield>
    <subfield code="p">Reginella - Signorinella - Cara piccina - Amor di pastorello - Pallida mimosa</subfield>
    <subfield code="9">11134</subfield>
  </datafield>
  <datafield tag="700" ind1=" " ind2=" ">
    <subfield code="a">Valente Nicola</subfield>
    <subfield code="g">Codice autore musica SPICS: 13463</subfield>
    <subfield code="e">Autore musica</subfield>
    <subfield code="p">Signorinella</subfield>
    <subfield code="9">11135</subfield>
  </datafield>
  <datafield tag="700" ind1=" " ind2=" ">
    <subfield code="a">Nutile Emanuele</subfield>
    <subfield code="g">Codice autore musica SPICS: 13525</subfield>
    <subfield code="e">Autore musica</subfield>
    <subfield code="p">Amor di pastorello</subfield>
    <subfield code="9">11136</subfield>
  </datafield>
  <datafield tag="700" ind1=" " ind2=" ">
    <subfield code="a">Simi Gino</subfield>
    <subfield code="g">Codice autore musica SPICS: 13456</subfield>
    <subfield code="e">Autore musica</subfield>
    <subfield code="p">Addio signora</subfield>
    <subfield code="9">11137</subfield>
  </datafield>
  <datafield tag="700" ind1=" " ind2=" ">
    <subfield code="a">Neri Ennio</subfield>
    <subfield code="g">Codice autore testo/musica SPICS: 13457</subfield>
    <subfield code="e">Autore testo/musica</subfield>
    <subfield code="p">Addio signora</subfield>
    <subfield code="9">11138</subfield>
  </datafield>
  <datafield tag="700" ind1=" " ind2=" ">
    <subfield code="a">Bixio Cesare Andrea</subfield>
    <subfield code="g">Codice autore musica SPICS: 13441</subfield>
    <subfield code="e">Autore musica</subfield>
    <subfield code="p">Lucciole vagabonde</subfield>
    <subfield code="9">11139</subfield>
  </datafield>
  <datafield tag="700" ind1=" " ind2=" ">
    <subfield code="a">Cherubini Bixio</subfield>
    <subfield code="g">Codice autore testo/musica SPICS: 13442</subfield>
    <subfield code="e">Autore testo/musica</subfield>
    <subfield code="p">Lucciole vagabonde</subfield>
    <subfield code="9">11140</subfield>
  </datafield>
  <datafield tag="942" ind1=" " ind2=" ">
    <subfield code="c">MD</subfield>
    <subfield code="2">ddc</subfield>
  </datafield>
  <datafield tag="952" ind1=" " ind2=" ">
    <subfield code="0">0</subfield>
    <subfield code="1">0</subfield>
    <subfield code="4">0</subfield>
    <subfield code="6">24635_000000000000000</subfield>
    <subfield code="7">1</subfield>
    <subfield code="a">SPICS</subfield>
    <subfield code="b">SPICS</subfield>
    <subfield code="d">2013-10-25</subfield>
    <subfield code="l">0</subfield>
    <subfield code="o">24635</subfield>
    <subfield code="r">2013-10-25 00:00:00</subfield>
    <subfield code="w">2013-10-25</subfield>
    <subfield code="y">MD</subfield>
    <subfield code="z">Progr. Ins.: 5330 / N.Vol.: 1 / Copie: 1 - Copia rara: n.d. / date import: 01.01.2014 - By Epidotti, Trombetti, Vaglietti</subfield>
  </datafield>
</record>
